| 000 | 00633nam a2200181 4500 | ||
|---|---|---|---|
| 008 | 060109s1978 tnu b 000 0 eng | ||
| 020 | _a0687141257 | ||
| 090 |
_aBV4501.2 _bW48g |
||
| 100 | 1 | _aWentz, Frederick K. | |
| 245 | 1 | 0 |
_aGetting into the act : _bopening up lay ministry in the weekday world / _cFrederick K. Wentz. |
| 260 |
_aNashville : _bAbingdon, _cc1978. |
||
| 300 |
_a144 p. ; _c20 cm. |
||
| 504 | _aIncludes bibliographical references. | ||
| 650 | 4 |
_aChristian life _xLutheran authors. |
|
| 650 | 4 | _aLaity. | |
| 650 | 4 | _aLiberation theology. | |
| 951 |
_p29058 _x00032063 _oBV4501.2/W48g _j070613111537015 _d2000-12-21 _cGC |
||
| 999 |
_c25635 _d25635 |
||